Normal view
MARC view
- Kermode, Frank
Entry Personal Name
001 - CONTROL NUMBER
- control field: 5429
003 - CONTROL NUMBER IDENTIFIER
- control field: JO-AjAnu
005 - DATE AND TIME OF LATEST TRANSACTION
- control field: 20230606071200.0
008 - FIXED-LENGTH DATA ELEMENTS
- fixed length control field: 230606|| aca||aabn | a|a d
040 ## - CATALOGING SOURCE
- Original cataloging agency: JO-AjAnu
- Transcribing agency: JO-AjAnu
100 ## - HEADING--PERSONAL NAME
- Personal name: Kermode, Frank
670 ## - SOURCE DATA FOUND
- Source citation: Work cat.: (JO-AjAnu)2802: Kermode, Frank , author, the Sense of an Ending : Stydies in the theory of Fiction